Návrh opatrení na zlepšenie systému vzdelávania zamestnancov v podniku Chemko, a. s. Slovakia

Salvato in:
Dettagli Bibliografici
Autore principale: Bodorová, Veronika (Autore)
Altri autori: Bestvinová, Viera (Relatore della tesi)
Natura: Manoscritto Libro
Lingua:slovacco
Pubblicazione: 2016
Soggetti:
Accesso online:http://is.stuba.sk/zp/portal_zp.pl?podrobnosti=96422
Tags: Aggiungi Tag
Nessun Tag, puoi essere il primo ad aggiungerne!!

MARC

LEADER 00000ntm a22000003a 4500
001 stuzp56016
003 SK-STU
005 20160719154900.4
007 ta
008 150427s2015----xo-----f-mn---000-0-slo-d
040 |a STU  |b slo 
041 0 |a slo 
100 1 |a Bodorová, Veronika  |u 064000  |4 aut  |U MTF Materiálovotechnologická fakulta  |T MTF Ústav priemyselného inžinierstva a manažmentu  |X 47000  |U M4000  |Y 84  |7 47000 
242 0 1 |a Measure proposal to improve the educational system of employee in CHEMKO, a.s. Slovakia  |y eng 
245 1 0 |a Návrh opatrení na zlepšenie systému vzdelávania zamestnancov v podniku Chemko, a. s. Slovakia 
260 |c 2016 
650 4 |a efektivita vzdelávania  |2 slo 
650 4 |a rozvoj zamestnancov  |2 slo 
650 4 |a školenie  |2 slo 
650 4 |a potreby vzdelávania  |2 slo 
650 4 |a vzdelávanie zamestnancov  |2 slo 
650 4 |a kurz  |2 slo 
650 4 |a educational needs  |2 eng 
650 4 |a education of employee  |2 eng 
650 4 |a development of employee  |2 eng 
650 4 |a course  |2 eng 
650 4 |a training  |2 eng 
650 4 |a effectiveness of education  |2 eng 
700 1 |a Bestvinová, Viera  |u 064000  |k Z1  |4 ths  |U MTF Materiálovotechnologická fakulta  |T MTF Ústav priemyselného inžinierstva a manažmentu  |X 1541  |U M4000  |Y 84  |7 A000001541 
856 4 |u http://is.stuba.sk/zp/portal_zp.pl?podrobnosti=96422 
996 |c M* BP-7822  |l MMSKP  |s P  |a 0  |w stuzp56016_0001 
SQL |a stuzp56016  |b DBP  |c SLO  |d Návrh opatrení na zlepšenie systému vzdelávania zamestnancov v podniku Chemko, a. s. Slovakia  |e 47000  |f Bodorová, Veronika  |g 064000  |h 1541  |i Bestvinová, Viera  |j 20160621  |k 175  |l 06  |m http://is.stuba.sk/zp/portal_zp.pl?podrobnosti=96422  |n B-PMA  |o 5.2.52. priemyselné inžinierstvo